000 00293nam a22001337a 4500
008 181025b xxu||||| |||| 00| 0 eng d
020 _ax000ht3lvz
041 _aeng
080 _25th
_a610
100 _a4
101 _aSHM
245 _aMechanical Ventilation
_cCairo,J.M
942 _2udc
_cBK
999 _c50899
_d50899